00566nam a2200193Ia 4500003000900000008004100009020002200050040001600072080002100088245007300109260003000182300001500212490003900227650001800266650001500284650002500299700002600324700002200350IN-BaIIA211028s9999 xx 000 0 eng d a978-94-007-0500-5 cIIA Library a551.510.537bTHE 4aThe Dynamic magnetospherecedited by William Liu and Masaki Fujimoto aDordrechtbSpringerc2011 axiv, 368p. aIAGA special sopron book series; 3 aMagnetosphere aSolar wind aWaves and turbulence aFujimoto, Masaki, ed. aLiu, William, ed.